Sirpad u-matekhet : (Record no. 31351)

MARC details
000 -LEADER
fixed length control field 00601cam a22002171 4500
001 - CONTROL NUMBER
control field he 65001374
003 - CONTROL NUMBER IDENTIFIER
control field DLC
005 - DATE AND TIME OF LATEST TRANSACTION
control field 20260227111433.0
008 - FIXED-LENGTH DATA ELEMENTS--GENERAL INFORMATION
fixed length control field 830707s1965 is 000 0 heb
010 ## - LIBRARY OF CONGRESS CONTROL NUMBER
LC control number he 65001374
035 ## - SYSTEM CONTROL NUMBER
System control number (OCoLC)19158767
040 ## - CATALOGING SOURCE
Original cataloging agency DLC
Transcribing agency MH
Modifying agency CU
-- DLC
042 ## - AUTHENTICATION CODE
Authentication code premarc
050 00 - LIBRARY OF CONGRESS CALL NUMBER
Classification number PJ5054.D6
Item number S5
100 1# - MAIN ENTRY--PERSONAL NAME
Personal name Dor, Mosheh,
Dates associated with a name 1932-
245 10 - TITLE STATEMENT
Title Sirpad u-matekhet :
Remainder of title shirim.
260 ## - PUBLICATION, DISTRIBUTION, ETC.
Place of publication, distribution, etc. [Tel Aviv] :
Name of publisher, distributor, etc. Agudat ha-sofrim be-Yiśraʼel le-yad hotsaʼat Masadah,
Date of publication, distribution, etc. [1965]
300 ## - PHYSICAL DESCRIPTION
Extent 157 p. ;
Dimensions 23 cm.
440 #0 - SERIES STATEMENT/ADDED ENTRY--TITLE
Title Sifriyat maḳor
752 ## - ADDED ENTRY--HIERARCHICAL PLACE NAME
Country or larger entity Israel
City Tel Aviv

No items available.

Powered by Koha